000 00821nam a2200253 u 4500
005 20250611063901.0
008 120307s2010 es r 000 0 spa d
020 _a9788433023988
035 _aUPN01000183574
049 _aCG
050 4 _aHV6773
_bK6.2
100 1 _aKowalski, Robin
245 1 0 _aCyber bullying :
_bel acoso escolar en la era digital /
_cRobin Kowalski, Susan Limber, Patricia Agatston.
260 _aUrduliz, Esp. :
_bDesclée de Brouwer,
_c2010.
300 _a312 p. :
_bcuadros, tablas
440 0 _aAMAE
534 _pTítulo original:
_tCyber Bullying. Bullying in the Digital Age.
650 7 _aAcoso cibernético
_2
_920372
650 4 _aAcoso en las escuelas
_91650
700 1 _aLimber, Susan,
_ecoaut.
700 1 _aAgatston, Patricia,
_ecoaut.
905 _aLibro
999 _c155677
_d155677